000 00299nam a22001337a 4500
008 181010b xxu||||| |||| 00| 0 eng d
020 _a9780802312853
041 _aeng
080 _22nd
_a940
100 _a16
101 _aHIS
245 _aThese Were the Romans
_cTingay,G.I.F
942 _2udc
_cBK
999 _c49253
_d49253